000 00346nam a2200145 i 4500
001 bg
100 1 _aJASTRZĘBSKA, Maria
245 0 _aPodstawy automatyki dla elektroników /
_cM. Jastrzębska.
250 _aWyd.2.
260 _aWarszawa,
_c1986.
040 _cBPK
041 _apol
942 _cKS
008 s pl f |000 0 pol
999 _c2979
_d2979
856 _uhttp://koha.tu.koszalin.pl/cgi-bin/koha/opac-detail.pl?biblionumber=2979
_yKatalog online BPK